| 000 | 00417nam a2200157Ia 4500 | ||
|---|---|---|---|
| 008 | 210210b2000 xxu||||| |||| 00| 0 eng d | ||
| 041 | _aeng | ||
| 082 | _a361.3 SACS | ||
| 100 | _aSACHDEVA (D R). | ||
| 245 | _aSocial welfare administration in India. | ||
| 260 |
_aPatna _bKitab mahal _c2000 |
||
| 300 | _axiv,675 | ||
| 650 | _aSocial welfare India social welfare | ||
| 690 | _aSocial Welfare | ||
| 906 | _a055660 | ||
| 999 |
_c102949 _d102949 |
||